00479nam a22001457a 4500082002700000100003100027245004000058260004100098300001800139526003700157650001300194942001200207999001900219952009500238 a954.5bPRIcL-28, P-43 aL. F. Loveday Prior946455 aPunjab PreludecL. F. Loveday Prior aLondonbJohn Murray (Publishers) Ltd axii, 218 P, : a0b0c0d954_500000000000000_PRI aMCE9379 2ddccBK c549796d549796 00102ddc4070aMCEbMCEd2014-10-14l0o954.5 PRIpMCE-40182r2014-10-14w2014-10-14yBK